Statistiques concernant Les meilleurs pays au basket-ball

Cliquez ici pour prendre le quiz!

Statistiques générales

  • Ce quiz a été pris 642 fois
  • Le résultat moyen est 5 sur 8

Statistiques - réponses

Meilleur performancePays% Correct
ChampionEspagne
94%
Champion (5 fois)Etats-Unis
91%
Champion (3 fois)Russie
77%
ChampionArgentine
71%
Champion (5 fois)Serbie
69%
Champion (2 fois)Brésil
60%
Vice-championGrèce
47%
Vice-championTurquie
27%

Distribution des résultats

Percentile par nombre de réponses

% des personnes avec chaque résultat

Votre développement - résultats

Vous n’avez pas pris ce quiz